000 00581nam a2200253Ia 4500
005 20260330155100.0
008 008 300114s9999 xx 000 0 eng d
020 _a9789363866034
037 _aEBOOK
040 _aCRL
040 _beng
040 _cCRL
041 _2eng
041 _aeng
084 _qCRL
245 0 _aMarketing 6.0- The Future Is Immersive
260 _bWiley
260 _c2024
650 _aMarketing
856 _uhttps://ebooks.wileyindia.com/product-details/478202
942 _cEBOOK
999 _c1843750
_d1843750